000 00288nam a2200109 a 4500
005 20201002044922.0
008 140403s1971 000 spa d
100 _aDaudet, Alfonso
_971508
245 0 _aTartarin de tarascon.
260 _aMadrid -- Libra,
_c1971 -- 191 p.
999 _c43174
_d43174
040 _aDO-SdBNP